000
00282nam a22001337a 4500
020
_a
978-0444641922
041
_a
ENG
100
_a
Chalal.D.S
245
_a
Food Feed And Fuel From Biomass
260
_a
Delhi
_b
IBM
_c
1991
300
_a
467
650
_a
APE(2)
856
_u
APE ( 2 )
999
_c
3165
_d
3165